000 00297nam a22001337a 4500
008 171020b xxu||||| |||| 00| 0 eng d
020 _a0060118180
041 _aeng
080 _a338
100 _a54
101 _aMEN
245 _aTHE MIND OF THE ORGANIZATION
_cPEHRSON.G
942 _2udc
_cBK
999 _c35038
_d35038